000
00297nam a22001337a 4500
008
180928b xxu||||| |||| 00| 0 eng d
020
_a
9780679780083
041
_a
eng
080
_a
038
100
_a
23
101
_a
FJA
245
_a
School & Office Dictionary
_c
Braham, .CG
942
_2
udc
_c
BK
999
_c
48678
_d
48678